[Event "Open"]
[Site "Dubai UAE"]
[Date "2000.05.06"]
[Round "8"]
[White "Hakki,I"]
[Black "Kaiumov,D"]
[Result "1/2-1/2"]
[WhiteElo "2405"]
[BlackElo "2475"]

1.Nf3 Nf6 2.c4 b6 3.d4 e6 4.g3 Ba6 5.b3 Bb4+ 6.Bd2 Be7 7.Bg2 c6 8.O-O d5
9.Ne5 Nfd7 10.Nxd7 Qxd7 11.Bc3 O-O 12.Nd2 Bb7 13.Nf3 Qd8 14.Qc2 Nd7 15.Rfd1 Nf6
16.Rac1 Rc8 17.c5 Ne4 18.b4 f5 19.Ne5 Bg5 20.Rb1 Ba6 21.Be1 Qc7 22.Rb3 Bb5
23.f3 Nf6 24.f4 Bh6  1/2-1/2

[Event "3rd Open"]
[Site "Tanta City EGY"]
[Date "2000.05.11"]
[Round "8"]
[White "Donchenko,A"]
[Black "El Arousy,A"]
[Result "1/2-1/2"]
[WhiteElo "2428"]
[BlackElo "2319"]

1.Nf3 Nf6 2.c4 e6 3.d4 b6 4.g3 Ba6 5.b3 Bb4+ 6.Bd2 Be7 7.Bg2 c6 8.Bc3 d5
9.Nbd2 O-O 10.Ne5 Nfd7 11.Nd3 Nf6 12.e4 Nbd7 13.O-O Rc8 14.Re1 c5 15.e5 Ne8
16.dxc5 bxc5 17.Nf4 dxc4 18.Nxc4 Nb6 19.Na5 Qxd1 20.Raxd1 Rc7 21.Bc6 g6 22.Be4 Ng7
23.Nc6 Rfc8 24.Nxe7+ Rxe7 25.g4 Bb7 26.Kg2 Ne8 27.Ba5 Bxe4+ 28.Rxe4 Nc7 29.Bxb6 axb6
30.Rd6 Rb8 31.a4 Ne8 32.Rc6 Rc7 33.Rxc7 Nxc7 34.Rc4 g5 35.Nh5 Nd5 36.a5 h6
37.axb6 Rxb6 38.Rxc5 Rxb3 39.Rc8+ Kh7 40.Rf8 Rb7 41.Kg3 Ra7 42.f3 Kg6 43.h4 Kh7
44.Rd8 Ra3 45.Rf8 Ra7 46.Kh3 Nf4+ 47.Nxf4 gxf4 48.h5 Kg7 49.Rc8 Ra3 50.Kg2 Ra2+
51.Kf1 Ra3 52.Kf2 Ra2+ 53.Ke1 Ra5 54.Rc4 Rxe5+ 55.Kf2 Rg5 56.Rxf4 f5 57.Kg3 fxg4
58.fxg4 Ra5 59.Rb4 e5 60.Rb7+ Kg8 61.Re7 Ra3+ 62.Kf2 Ra4 63.Kf3 Rf4+ 64.Kg3 Re4
65.Re6 Kg7 66.Re7+ Kg8 67.Ra7 Re3+ 68.Kg2 Kh8 69.Ra4 Kg7 70.Kf2 Rb3 71.Ra7+ Kf6
72.Ra6+ Kg5 73.Rg6+ Kf4 74.Rf6+ Kxg4 75.Rxh6 Rh3 76.Rh8  1/2-1/2

[Event "Kastav"]
[Site "Opatija CRO"]
[Date "2000.05.12"]
[Round "8"]
[White "Muhvic,D"]
[Black "Lakos,N"]
[Result "1/2-1/2"]
[WhiteElo "2224"]
[BlackElo "2316"]

1.d4 Nf6 2.c4 e6 3.Nf3 b6 4.g3 Ba6 5.b3 Bb7 6.Bg2 Bb4+ 7.Bd2 a5 8.O-O O-O
9.Bf4 a4 10.bxa4 d6 11.Qb3 Ba5 12.Na3 Nbd7 13.Nb5 h6 14.h4 Ne4 15.Rac1 Re8
16.Rfd1 Qc8 17.Bh3  1/2-1/2

[Event "III Magistral de VRSA"]
[Site "Santo Antonio POR"]
[Date "2000.05.21"]
[Round "2"]
[White "Damaso,R"]
[Black "Spraggett,K"]
[Result "1/2-1/2"]
[WhiteElo "2425"]
[BlackElo "2529"]

1.d4 Nf6 2.Nf3 e6 3.c4 b6 4.g3 Ba6 5.Nbd2 Bb7 6.Bg2 d5 7.Ne5 Bd6 8.cxd5 exd5
9.O-O O-O 10.Ndc4 Be7 11.Bg5 Nbd7 12.Rc1 c6 13.Bxf6 Nxf6 14.Ne3  1/2-1/2

[Event "ch-TKM"]
[Site "Ashgabat TKM"]
[Date "2000.05.22"]
[Round "10"]
[White "Aliev,K"]
[Black "Grigoryan,K"]
[Result "0-1"]
[WhiteElo "2328"]
[BlackElo "2362"]

1.d4 Nf6 2.c4 e6 3.Nf3 b6 4.g3 Ba6 5.b3 b5 6.cxb5 Bxb5 7.Bg2 Bb4+ 8.Bd2 Bxd2+
9.Nfxd2 Bc6 10.e4 d5 11.e5 Nfd7 12.Nc3 Bb7 13.O-O c5 14.Nc4 O-O 15.dxc5 Nc6
16.Nd6 Ba6 17.Ncb5 Nxc5 18.Re1 Qb6 19.a4 Bxb5 20.axb5 Nxe5 21.Nc4 dxc4 22.Bxa8 Ned3
23.Qf3 Nxb3 24.Bc6 Nxe1 25.Rxe1 Nd4 26.Qe4 c3 27.Rc1 Qc5 28.Qe3 Qc4 29.Kg2 Nxc6
30.bxc6 Qxc6+ 31.Kh3 c2 32.Qxa7 h6 33.Qd4 Rc8 34.f4 Qd5 35.Qe3 h5 36.Qe2 g6
37.Kh4 Qf5 38.Qf3 Rc4 39.Qe2 Rxf4+ 40.gxf4 Qxf4+ 41.Kh3 Qxc1  0-1

[Event "ch-CZE"]
[Site "Opava CZE"]
[Date "2000.05.26"]
[Round "5"]
[White "Belunek,V"]
[Black "Hracek,Z"]
[Result "0-1"]
[WhiteElo "2272"]
[BlackElo "2620"]

1.d4 Nf6 2.c4 e6 3.Nf3 b6 4.g3 Ba6 5.Nbd2 Bb7 6.Bg2 c5 7.O-O cxd4 8.Nxd4 Bxg2
9.Kxg2 Qc8 10.Qb3 d6 11.Qf3 Nbd7 12.Ne4 Nxe4 13.Qxe4 a6 14.b3 Nc5 15.Qf3 Be7
16.Bb2 Bf6 17.Rab1 Qb7 18.Qxb7 Nxb7 19.Rfd1 Rc8 20.Nc2 Ke7 21.Bxf6+ Kxf6
22.Rd2 Rc5 23.Nb4 Ra8 24.Nd3 Rc7 25.e4 b5 26.cxb5 axb5 27.Nb4 g5 28.h3 h5
29.f3 h4 30.g4 Rc3 31.Rbb2 Rac8 32.Kf2 Rc1 33.Rbc2 R8xc2 34.Rxc2 Rh1 35.Rc6 Rxh3
36.Kg2 Rg3+ 37.Kf2 Rh3 38.Kg2 Rg3+ 39.Kf2 Nc5 40.Rxd6 Rh3 41.Kg2 Rg3+ 42.Kf2 Rh3
43.Kg2 Rg3+ 44.Kf2 Rxg4 45.Rc6 Nxe4+ 46.Ke3 Rg1 47.Kxe4 h3 48.Rc2 g4 49.Nd3 g3
50.Nf4 Re1+ 51.Kd3 h2 52.Nh5+ Kg5 53.Nxg3 Kh4 54.Rxh2+ Kxg3 55.Rh7 f5 56.Rb7 Kxf3
57.Rxb5 e5 58.a4 e4+ 59.Kd2 Re2+ 60.Kc3 f4 61.a5 e3 62.b4 Ra2  0-1

[Event "NOR Team-ch"]
[Site "Oslo NOR"]
[Date "2000.06.01"]
[Round "2"]
[White "Madsen,D"]
[Black "Ostenstad,B"]
[Result "0-1"]
[WhiteElo "2294"]
[BlackElo "2447"]

1.d4 Nf6 2.c4 e6 3.Nf3 b6 4.g3 Ba6 5.Qa4 Bb7 6.Bg2 c5 7.dxc5 bxc5 8.Nc3 Be7
9.O-O O-O 10.Rd1 Qb6 11.Qc2 Rd8 12.Bf4 Na6 13.a3 d5 14.cxd5 exd5 15.Ne5 Rac8
16.Rac1 Qe6 17.Nd3 c4 18.Ne1 Nc5 19.Nf3 Qa6 20.Be5 Ne6 21.e3 Nc5 22.Bd4 Nd3
23.Rb1 Ne4 24.Rf1 Bf6 25.Bxf6 Qxf6 26.Ne1 Ndc5 27.Rd1 Nxc3 28.Qxc3 Qxc3 29.bxc3 Na4
30.Rc1 Rc6 31.Nf3 Rb6 32.Nd4 Ba8 33.Rfd1 Nb2 34.Rd2 Nd3 35.Ra1 Rdb8 36.Bf1 Nc5
37.f3 Na4 38.Rc1 Rb1 39.Rdc2 Kf8 40.Kf2 Rxc1 41.Rxc1 Rb2+ 42.Be2 Bb7 43.Ke1 Bc8
44.Bd1 Bd7 45.Bxa4 Bxa4 46.h4 g6 47.Ne2 Ke7 48.Ra1 h5 49.Nc1 Kd6 50.Ne2 Kc5
51.Nc1 Rg2 52.Kf1 Rxg3 53.Kf2 Rh3 54.Kg2 Rxh4 55.Ne2 g5 56.Kg3 Bd7 57.Nf4 Bf5
58.Re1 Bg4 59.Rd1 Bxf3 60.Rf1 Be4  0-1

[Event "Master Open"]
[Site "Lausanne SUI"]
[Date "2000.06.02"]
[Round "4"]
[White "Bunzmann,D"]
[Black "Palac,M"]
[Result "1/2-1/2"]
[WhiteElo "2502"]
[BlackElo "2570"]

1.d4 Nf6 2.c4 e6 3.Nf3 b6 4.g3 Ba6 5.b3 d5 6.Bg2 Bb4+ 7.Bd2 Be7 8.cxd5 exd5
9.Nc3 O-O 10.O-O Bb7 11.Ne5 c5 12.Bf4 Na6 13.Rc1 Nc7 14.dxc5 bxc5 15.Na4 Ne6
16.Nd3 Rc8 17.Be3 Qa5 18.Naxc5 Bxc5 19.Bxc5 Rxc5 20.Rxc5 Nxc5 21.b4 Qxa2  1/2-1/2

[Event "Bank Pocztowy Open"]
[Site "Bydgoszcz POL"]
[Date "2000.06.03"]
[Round "6"]
[White "Vaulin,A"]
[Black "Likavsky,T"]
[Result "1-0"]
[WhiteElo "2540"]
[BlackElo "2397"]

1.d4 e6 2.Nf3 Nf6 3.c4 b6 4.g3 Ba6 5.b3 Bb4+ 6.Bd2 Be7 7.Bg2 c6 8.O-O d5
9.Ne5 O-O 10.Bc3 Ne4 11.Bb2 Nd6 12.Nd2 f6 13.Nd3 dxc4 14.Nf4 Qd7 15.bxc4 Nxc4
16.Nxc4 Bxc4 17.Qc2 b5 18.a4 Na6 19.axb5 Bxb5 20.Rfc1 Rfc8 21.Qb3 Nc7 22.Bh3 Kh8
23.Nxe6 Qd5 24.Qe3 Bd6 25.Nxc7 Rxc7 26.Bg2 Qf7 27.Qd2 Re8 28.e3 Qe7 29.Bc3 c5
30.d5 a6 31.e4 f5 32.exf5 Be5 33.Re1 Bxc3 34.Rxe7 Bxd2 35.Rxc7 c4 36.Bf1 c3
37.Bxb5 axb5 38.Rb1 b4 39.Rxb4 c2 40.Rbc4 c1=Q+ 41.Rxc1 Bxc1 42.Rxc1  1-0

[Event "Bank Pocztowy Open"]
[Site "Bydgoszcz POL"]
[Date "2000.06.03"]
[Round "6"]
[White "Grabarczyk,M"]
[Black "Eingorn,V"]
[Result "1/2-1/2"]
[WhiteElo "2522"]
[BlackElo "2597"]

1.d4 Nf6 2.c4 e6 3.Nf3 b6 4.g3 Ba6 5.b3 Bb7 6.Bg2 Bb4+ 7.Bd2 a5 8.O-O d6
9.a3 Bxd2 10.Qxd2 Nbd7 11.Nc3 Ne4 12.Nxe4 Bxe4 13.Ne1 Bxg2 14.Nxg2 O-O 15.e4 Qb8
16.Ne3  1/2-1/2

[Event "Bank Pocztowy Open"]
[Site "Bydgoszcz POL"]
[Date "2000.06.06"]
[Round "9"]
[White "Grabarczyk,M"]
[Black "Lerner,K"]
[Result "1/2-1/2"]
[WhiteElo "2522"]
[BlackElo "2575"]

1.d4 Nf6 2.c4 e6 3.Nf3 b6 4.g3 Ba6 5.b3 Bb4+ 6.Bd2 Be7 7.Bg2 O-O 8.O-O Bb7
9.Nc3 Na6 10.Bc1 d5 11.cxd5 exd5 12.Bb2 Re8 13.Rc1 Bf8 14.Ne5 c5 15.e3 Nc7
16.Ng4 Nd7 17.h4 h5 18.Nh2 cxd4 19.Qxd4 Nf6 20.Nf3 Ne6 21.Qd2 Nc5 22.Rfd1 Qe7
23.Nd4 g6 24.b4 Nce4 25.Nxe4 Nxe4 26.Bxe4 Qxe4 27.Nc6 Bxc6 28.Rxc6 Qxb4 29.Qxb4 Bxb4
30.Rxd5 Rac8 31.Rxc8 Rxc8 32.Rd7 a5 33.Rb7 Kf8 34.Rxb6 Rc2 35.Bf6 Ke8 36.Rb8+ Kd7
37.Rb7+ Ke6 38.Rb6+ Kd5 39.Bd4 Rxa2 40.Rf6 Rc2 41.Rxf7 a4 42.Rf6 a3 43.Rxg6 a2
44.Ra6 Be1 45.Kg2 Rxf2+ 46.Kh3 Rf3 47.Rxa2 Rxg3+ 48.Kh2 Rg4 49.Bf6  1/2-1/2

[Event "IM"]
[Site "Stockholm SWE"]
[Date "2000.06.16"]
[Round "7"]
[White "Ahlander,B"]
[Black "Nilssen,J"]
[Result "0-1"]
[WhiteElo "2434"]
[BlackElo "2339"]

1.d4 Nf6 2.c4 e6 3.Nf3 b6 4.g3 Ba6 5.Nbd2 c5 6.Bg2 Nc6 7.dxc5 bxc5 8.O-O Rb8
9.b3 Be7 10.Bb2 Qc7 11.e4 d6 12.Re1 e5 13.Rf1 O-O 14.Ne1 Bc8 15.Nd3 Nd4 16.Bc3 Re8
17.h3 Bf8 18.Re1 g6 19.Kh2 Bh6 20.Nf1 Bb7 21.Rb1 a5 22.a3 Qc8 23.Rb2 Ra8
24.a4 Bc6 25.f3 Nh5 26.Bxd4 cxd4 27.Rf2 Qb7 28.Rb2 Qe7 29.Qe2 Reb8 30.Qf2 Re8
31.Qe2 Rab8 32.h4 Kh8 33.Bh3 Ng7 34.Qd1 f5 35.exf5 gxf5 36.f4 e4 37.b4 Qf6
38.Nc1 axb4 39.Bg2 Ne6 40.Ra2 Rg8 41.Nb3 Rg7 42.Kg1 Rbg8 43.Ree2 Ba8 44.a5 Bxf4
45.gxf4 Nxf4 46.Qxd4 Nxe2+ 47.Rxe2 Qxd4+ 48.Nxd4 f4 49.Ne3 fxe3 50.Kh2 Rf7
51.Rxe3 Rf2 52.Rg3 e3 53.Rxe3 Rfxg2+ 54.Kh3 Rg1  0-1

[Event "XVIII Open"]
[Site "Andorra AND"]
[Date "2000.06.27"]
[Round "4"]
[White "Simonet,M"]
[Black "Mateo,Ra"]
[Result "0-1"]
[WhiteElo "2248"]
[BlackElo "2408"]

1.d4 Nf6 2.c4 e6 3.Nf3 b6 4.g3 Ba6 5.b3 b5 6.cxb5 Bxb5 7.Bg2 d5 8.O-O Nbd7
9.Ba3 Bd6 10.Bxd6 cxd6 11.Nc3 Ba6 12.b4 Bc4 13.Qa4 O-O 14.Rfc1 Qb6 15.Rab1 Rfc8
16.Qd1 Rc7 17.e3 Rac8 18.a4 Ne4 19.Nxe4 dxe4 20.Ne1 Nf6 21.f3 exf3 22.Bxf3 h6
23.Qd2 Bd5 24.b5 Bxf3 25.Nxf3 Ne4 26.Rxc7 Rxc7 27.a5 Nxd2 28.axb6 Nxf3+ 29.Kf2 Rc2+
30.Kxf3 axb6 31.h4 Kf8 32.g4 Kg8 33.Ra1 Rb2 34.Ra8+ Kh7 35.h5 Rxb5 36.Ra7 f5
37.Rd7 fxg4+ 38.Kxg4 Rg5+ 39.Kf4  0-1

[Event "AKN Open"]
[Site "Haarlem NED"]
[Date "2000.07.01"]
[Round "3"]
[White "Cifuentes Parada,R"]
[Black "Witt,R"]
[Result "1-0"]
[WhiteElo "2483"]
[BlackElo "2291"]

1.d4 Nf6 2.c4 e6 3.Nf3 b6 4.g3 Ba6 5.b3 d5 6.cxd5 exd5 7.Bg2 Bb4+ 8.Bd2 Bd6
9.O-O O-O 10.Nc3 Re8 11.Rc1 Nbd7 12.Re1 c6 13.Nh4 Ba3 14.Rc2 Rc8 15.Bc1 Bb4
16.a3 Bf8 17.Bb2 g6 18.e3 Bg7 19.Nf3 Ne4 20.Bf1 Bxf1 21.Rxf1 f5 22.Ne2 Qf6
23.Nf4 Qd6 24.Nd3 b5 25.Qe2 Re6 26.Rfc1 a5 27.Qe1 Qc7 28.Nf4 Rd6 29.Ne5 Nb8
30.f3 Ng5 31.Kg2 Nf7 32.Bc3 Qa7 33.Nxf7 Kxf7 34.Bxa5 Re8 35.Bb4 Rdd8 36.Qd2 Bh6
37.Re1 Bxf4 38.exf4 Qd7 39.Re5 Re6 40.Qc3 Rde8 41.a4 bxa4 42.bxa4 Qa7 43.a5 Nd7
44.Rxe6 Rxe6 45.Qd3 Nb8 46.Rb2 Na6 47.Qc3 Qa8 48.Kf2 Nc7 49.Re2 Rxe2+ 50.Kxe2 Qa6+
51.Kf2 Ne6 52.Bc5 Qb5 53.Bb6 Qa4 54.Qd2 Qb3 55.Kg2 Qc4 56.Qe3 h6 57.Kf2 Qb4
58.h4 Qb2+ 59.Qe2 Qb4 60.Qd1 h5 61.Kg2 Qb5 62.Qd2 Qc4 63.Qb2 Kf6 64.Ba7 Qd3
65.Bb8 Kg7 66.Be5+ Kh6 67.Kf2 Qc4 68.a6  1-0

[Event "White Nights Men"]
[Site "St Petersburg RUS"]
[Date "2000.07.02"]
[Round "9"]
[White "Polovodin,I"]
[Black "Bakre,T"]
[Result "1/2-1/2"]
[WhiteElo "2434"]
[BlackElo "2352"]

1.d4 Nf6 2.Nf3 e6 3.c4 b6 4.g3 Ba6 5.b3 d5 6.cxd5 exd5 7.Bg2 Bb4+ 8.Bd2 Bxd2+
9.Nbxd2 O-O 10.O-O Nbd7 11.Re1 c5 12.b4 Re8 13.bxc5 bxc5 14.e3 Ne4 15.Qa4 Bd3
16.dxc5 Ndxc5 17.Qa3 Qe7 18.Nb3 Bc4 19.Nxc5 Nxc5 20.Nd2 Rac8 21.Nxc4 dxc4
22.Rec1 Ne4 23.Qxe7 Rxe7 24.Rc2 g6 25.Bxe4 Rxe4 26.Rac1 Rc5 27.Kf1 Ra5 28.Rb2 Ra3
29.Rcc2 h5 30.h4 Kg7 31.Rb7 c3 32.Rb3 Rxb3 33.axb3 a5 34.Rxc3 a4 35.Ke2 axb3
36.Rxb3 Ra4 37.Kf3 Kf6 38.e4 Ra2 39.Ke3 Rc2 40.f3 Rg2 41.Kf4 Rg1 42.Rb2 Ke6
43.Rb6+ Ke7 44.Rb5 Kf6 45.e5+ Ke6 46.Rb6+ Ke7 47.g4 hxg4 48.fxg4 Rf1+ 49.Kg5 Rg1
50.Ra6 Re1 51.Kh6 Rxe5 52.Kg7 Re4 53.Ra7+ Ke8 54.Ra8+ Ke7 55.Ra7+ Ke8 56.g5 Rxh4
57.Ra8+ Ke7 58.Ra7+ Ke8 59.Rxf7 Rg4 60.Rf6  1/2-1/2

[Event "29th ch-GRE Team"]
[Site "Athens GRE"]
[Date "2000.07.08"]
[Round "3"]
[White "Mastrovasilis,A"]
[Black "Istratescu,A"]
[Result "1/2-1/2"]
[WhiteElo "2327"]
[BlackElo "2556"]

1.d4 Nf6 2.c4 e6 3.Nf3 b6 4.g3 Ba6 5.Qa4 Be7 6.Bg2 O-O 7.Ne5 c6 8.Nc3 Qe8
9.O-O d5 10.cxd5 cxd5 11.Qxe8 Rxe8 12.Re1 Nbd7 13.Nxd7 Nxd7 14.e4 dxe4 15.Bxe4 Rac8
16.d5 Nc5 17.dxe6 fxe6 18.Bf4 Bf6 19.Rac1 b5 20.a3 Nxe4 21.Rxe4 Bb7 22.Ree1 a6
23.Be5 Kf7 24.f4 Red8 25.Bxf6 gxf6 26.Kf2 h5 27.Rcd1 Rxd1 28.Rxd1 Ke7 29.Ne2 Rg8
30.Ke3 h4 31.Rg1 Bd5 32.gxh4 Rh8 33.Rg7+ Kd6 34.Ra7 Rxh4 35.Rxa6+ Kc5 36.f5 Rh3+
37.Ng3 exf5 38.Rxf6 Rxh2 39.Rxf5 Rxb2 40.Ne4+ Kc6  1/2-1/2

[Event "North Sea Cup"]
[Site "Esbjerg DEN"]
[Date "2000.07.08"]
[Round "2"]
[White "Hansen,Cu"]
[Black "Emms,J"]
[Result "1/2-1/2"]
[WhiteElo "2613"]
[BlackElo "2527"]

1.d4 Nf6 2.c4 e6 3.Nf3 b6 4.g3 Ba6 5.b3 Bb4+ 6.Bd2 Be7 7.Bg2 c6 8.O-O d5
9.Qc2 Nbd7 10.Rd1 O-O 11.Bf4 Rc8 12.Nc3 b5 13.c5 b4 14.Na4 Bb5 15.Nb2 Ne4
16.Nd3 Qa5 17.Bf1 Bxd3 18.Qxd3 Bf6 19.a3 Ndxc5 20.dxc5 Bxa1 21.Rxa1 bxa3
22.Ng5 Nxg5 23.Bxg5 Qxc5 24.Qa6 h6 25.Bf4 Qc3 26.Qxa3 c5 27.Rc1 Qb4 28.Qxa7 Qxb3
29.Rxc5 Rxc5 30.Qxc5 Qb1 31.Qc6 Qa1 32.h4  1/2-1/2

[Event "Staffordshire GM"]
[Site "Lichfield ENG"]
[Date "2000.07.09"]
[Round "4"]
[White "Kinsman,A"]
[Black "Arkell,K"]
[Result "1/2-1/2"]
[WhiteElo "2399"]
[BlackElo "2436"]

1.d4 Nf6 2.c4 e6 3.Nf3 b6 4.g3 Ba6 5.Nbd2 Bb7 6.Bg2 c5 7.e4 cxd4 8.e5 Ng4
9.O-O Qc7 10.Re1 f5 11.exf6  1/2-1/2

[Event "Golden Cleopatra Open"]
[Site "Cairo EGY"]
[Date "2000.07.13"]
[Round "3"]
[White "Abou el Zein,E"]
[Black "Sarwat,W"]
[Result "1-0"]
[WhiteElo "2366"]
[BlackElo "2407"]

1.d4 Nf6 2.c4 e6 3.Nf3 b6 4.g3 Ba6 5.b3 Bb7 6.Bg2 Bb4+ 7.Bd2 a5 8.O-O O-O
9.a3 Be7 10.Nc3 d5 11.cxd5 Nxd5 12.Qc2 Na6 13.Nxd5 exd5 14.Rfd1 c5 15.Be3 Rc8
16.Qb2 Bf6 17.Ne5 Re8 18.f4 g6 19.Bf2 Bg7 20.Rac1 f6 21.Nd3 Qe7 22.Rc2 c4
23.bxc4 dxc4 24.Ne1 Bxg2 25.Nxg2 Nb8 26.Ne3 Nd7 27.Nxc4 Qe4 28.Qa2 Re6 29.Ne5 Re8
30.Rc8  1-0

[Event "WIPRO GM"]
[Site "Hyderabad IND"]
[Date "2000.07.25"]
[Round "10"]
[White "Fominyh,A"]
[Black "Kunte,A"]
[Result "1/2-1/2"]
[WhiteElo "2594"]
[BlackElo "2556"]

1.d4 Nf6 2.c4 e6 3.Nf3 b6 4.g3 Ba6 5.Qb3 c5 6.d5 exd5 7.cxd5 d6 8.Nc3 Be7
9.Bg2 O-O 10.a4 Re8 11.O-O Bf8 12.Qc2 Nbd7 13.Re1 g6 14.h3 Qb8 15.e4 Qb7
16.Bg5 Bg7 17.Bf4 Qb8 18.Nb5 Ne5 19.Nxe5 dxe5 20.Be3 Rd8 21.Bf1 Ne8 22.a5 Bf8
23.Ra2 c4 24.Qxc4 Bxb5 25.Qxb5 bxa5 26.Qd3 Bb4 27.Rd1 Nd6 28.f4 Rc8 29.Kh2 f6
30.fxe5 fxe5 31.Bg2 Rc4 32.Raa1 Qc7 33.Rac1 Rc8 34.Kh1 Qd7 35.Rxc4 Rxc4 36.Rf1 Rxe4
37.Bh6 Re1 38.Rxe1 Bxe1 39.Qf1 Nf7 40.Qxe1 Nxh6 41.Qxe5 Nf7 42.Qc3 Qd6 43.Kg1 Qb4
44.Qxb4 axb4 45.Kf2 Nd6 46.b3 Kf7 47.Ke3 Nf5+ 48.Kd3 Nxg3 49.Kc4 Ke7 50.Kxb4 Kd6
51.Kb5 Ne2 52.Ka6 Nd4 53.b4 Nc2 54.b5 Nd4  1/2-1/2

[Event "KB Czech Open"]
[Site "Pardubice CZE"]
[Date "2000.07.25"]
[Round "5"]
[White "Vokac,M"]
[Black "Berezjuk,S"]
[Result "0-1"]
[WhiteElo "2523"]
[BlackElo "2343"]

1.d4 Nf6 2.Nf3 e6 3.c4 b6 4.g3 Ba6 5.b3 Bb4+ 6.Bd2 Be7 7.Bg2 c6 8.O-O d5
9.Ne5 Nfd7 10.Nxd7 Nxd7 11.Bc3 O-O 12.Nd2 Nf6 13.e4 b5 14.e5 Nd7 15.Re1 Rb8
16.cxd5 cxd5 17.a3 b4 18.Bxb4 Bxb4 19.axb4 Qb6 20.Re3 Rfc8 21.Nf3 Rc6 22.Bf1 Bxf1
23.Qxf1 Rbc8 24.Kg2 R8c7 25.b5 Rc2 26.Ra6 Qb8 27.Qd3 g6 28.Rd6 Qc8 29.Re2 R2c3
30.Qd2 Rxb3 31.Qf4 Rxb5 32.Ng5 Nf8 33.Rc2 Rxc2 34.Qxf7+ Kh8 35.Qf6+ Kg8 36.Qf7+ Kh8
37.Qf6+ Kg8 38.Nf7 Rxf2+ 39.Qxf2 Qc1 40.Kh3 Rb2 41.Qf6 Qd2 42.Kg4 h5+ 43.Kh4 Qxh2+
44.Kg5 Nh7+ 45.Kh6 Nxf6 46.Ng5 Ng4+ 47.Kxg6 Qc2+ 48.Kxh5 Qf5 49.Rd8+ Kg7
50.Rg8+ Kxg8  0-1

[Event "4th Open"]
[Site "Korinthos GRE"]
[Date "2000.07.29"]
[Round "5"]
[White "Bagaturov,G"]
[Black "Tsivelekidis,G"]
[Result "1-0"]
[WhiteElo "2501"]
[BlackElo "2117"]

1.d4 Nf6 2.c4 e6 3.Nf3 b6 4.g3 Ba6 5.Nbd2 d5 6.Bg2 Be7 7.cxd5 exd5 8.O-O O-O
9.Ne5 Bb7 10.b3 Na6 11.Bb2 c5 12.Rc1 Rc8 13.dxc5 Nxc5 14.Ndf3 Bd6 15.b4 Nce4
16.Qa4 a6 17.Bh3 Rxc1 18.Rxc1 b5 19.Qb3 Qa8 20.Nd7 Nxd7 21.Bxd7 Rd8 22.Bf5 Re8
23.Qd3 Bxb4 24.Bxg7 Kxg7 25.Qd4+ Nf6 26.Qxb4 Rxe2 27.Qf4 h6 28.Nd4 Re8 29.Bh3 Rh8
30.Rc7 Qb8 31.Ne6+  1-0

[Event "MTO Open"]
[Site "Biel SUI"]
[Date "2000.08.01"]
[Round "8"]
[White "Sturua,Z"]
[Black "Shariyazdanov,A"]
[Result "0-1"]
[WhiteElo "2594"]
[BlackElo "2582"]

1.d4 Nf6 2.c4 e6 3.Nf3 b6 4.g3 Ba6 5.b3 Bb4+ 6.Bd2 Be7 7.Bg2 c6 8.Bc3 d5
9.Ne5 Nfd7 10.Nxd7 Nxd7 11.Nd2 O-O 12.O-O Rc8 13.e4 b5 14.Re1 dxc4 15.bxc4 bxc4
16.Qa4 Bb5 17.Qc2 Re8 18.a4 Ba6 19.Rad1 Bf8 20.Nf1 Rb8 21.Ne3 Bb4 22.d5 exd5
23.exd5 c5 24.d6 Bxc3 25.Qxc3 Rb3 26.Qa1 c3 27.Rb1 Rxb1 28.Rxb1 Qf6 29.Rc1 Rb8
30.Rxc3 Qxd6 31.Rc1 Qd4 32.Rd1 Qxa1 33.Rxa1 Bd3 34.Bc6 Ne5 35.Bd5 Kf8 36.Rc1 Rb1
37.Rxb1 Bxb1 38.Kf1 Nd7 39.Ke2 Nb6 40.Bb3 a5 41.Kd2 Be4 42.Kc3 Ke7 43.Nd1 Bc6
44.Nb2 f6 45.Bc2 h6 46.Bd1 g5 47.Kd3 Kd6 48.Kc3 Bd7 49.Kd3 Bc8 50.f4 gxf4
51.gxf4 Bf5+ 52.Ke3 Be6 53.Kd3 Ba2 54.Ke4 Nc4 55.Nxc4+ Bxc4 56.Ke3 Ba2 57.Kd3 c4+
58.Kd4 Bb3 59.Bh5 Bxa4 60.Kxc4 Bd7 61.Bf3 Be8 62.Bg2 Ba4 63.Bf3 Bc2 64.Kc3 Bg6
65.Kc4 a4 66.Bg2 Bc2 67.Kc3 Bb3 68.Kb4 Ke6 69.Be4 Bd5 70.Bg6 Bc6 71.Kc4 Kd6
72.Bh5 Bd7 73.Bf3 a3 74.Kb3 Kc5 75.Kxa3 Kd4 76.Kb4 Ke3 77.Bb7 Kxf4 78.Kc5 Ke3
79.Kd6 Bg4 80.Ke7 f5 81.Kf6 f4 82.h3 Be2  0-1

[Event "FIDE women's World Cup Gp A"]
[Site "Shenyang CHN"]
[Date "2000.08.02"]
[Round "2"]
[White "Maric,A"]
[Black "Xu Yuhua"]
[Result "1/2-1/2"]
[WhiteElo "2443"]
[BlackElo "2505"]

1.d4 Nf6 2.Nf3 e6 3.c4 b6 4.g3 Ba6 5.b3 Bb7 6.Bg2 Bb4+ 7.Bd2 a5 8.O-O O-O
9.Nc3 d6 10.a3 Bxc3 11.Bxc3 Nbd7 12.Nd2 Bxg2 13.Kxg2 e5 14.dxe5 dxe5 15.Qc2 Re8
16.Rfd1 Qc8 17.e4 Qb7 18.f3 Qc6 19.a4 Nb8 20.Nf1 Qc5 21.Bb2 Nc6 22.Ba3 Nb4
23.Qd2 Qf8 24.Ne3 Rad8 25.Nd5 c6 26.Bxb4 axb4 27.Nxf6+ gxf6 28.Qe3 Rxd1 29.Rxd1 Rd8
30.Rd3 Rxd3 31.Qxd3 Qc5 32.Qd7 Qe3 33.Qg4+ Kf8 34.Qc8+ Kg7 35.Qg4+ Kf8 36.Qc8+  1/2-1/2

[Event "MTO Open"]
[Site "Biel SUI"]
[Date "2000.08.04"]
[Round "11"]
[White "Gurieli,N"]
[Black "Illijin,N"]
[Result "1-0"]
[WhiteElo "2373"]
[BlackElo "2258"]

1.Nf3 Nf6 2.c4 b6 3.d4 e6 4.g3 Ba6 5.Qc2 Bb7 6.Bg2 c5 7.dxc5 bxc5 8.O-O Be7
9.Nc3 d6 10.Rd1 Qb6 11.a3 Nbd7 12.Rb1 a5 13.h3 O-O 14.e4 Ne5 15.Nxe5 dxe5
16.Be3 Qc6 17.f4 Nd7 18.b3 Rad8 19.Nb5 exf4 20.gxf4 e5 21.Nc3 Qh6 22.Qf2 Bh4
23.Qf3 exf4 24.Bxf4 Qe6 25.Qh5 Be7 26.Nd5 Bxd5 27.exd5 Qg6 28.Qxg6 fxg6 29.Bc7 Rc8
30.d6 Bf6 31.Bd5+ Kh8 32.Be6 Rcd8 33.Bxd8 Rxd8 34.Bxd7 Rxd7 35.b4 axb4 36.axb4  1-0

[Event "Open"]
[Site "Chania GRE"]
[Date "2000.08.09"]
[Round "8"]
[White "Grivas,E"]
[Black "Bagaturov,G"]
[Result "0-1"]
[WhiteElo "2499"]
[BlackElo "2501"]

1.d4 Nf6 2.c4 e6 3.Nf3 b6 4.g3 Ba6 5.Qb3 Nc6 6.Nbd2 Na5 7.Qc2 c5 8.e4 cxd4
9.e5 Ng4 10.h3 Nh6 11.Bd3 Bb7 12.O-O Nc6 13.a3 d6 14.Qa4 Qd7 15.exd6 Bxd6
16.Ne4 Be7 17.Bxh6 gxh6 18.Rfe1 O-O 19.Qc2 Kh8 20.b4 f5 21.Ned2 Bf6 22.Re2 Rae8
23.Rae1 Nd8 24.Kf1 Nf7 25.g4 fxg4 26.hxg4 h5 27.gxh5 Nd6 28.Ne5 Qg7 29.Nef3 Qg4
30.Re4 Bxe4 31.Bxe4 Qxh5 32.Ke2 Bg5 33.Nf1 Rf4 34.Ng3 Qg4 35.Bc6 Rc8 36.Rh1 Rf7
37.Be4 Nxe4 38.Qxe4 d3+ 39.Qxd3 Rxc4 40.Rd1 Rxf3 41.Qxf3 Rc2+  0-1

[Event "TCh-ESP"]
[Site "Barcelona ESP"]
[Date "2000.08.10"]
[Round "6"]
[White "Gamundi Salamanca,A"]
[Black "Rodriguez,Am"]
[Result "1-0"]
[WhiteElo "2464"]
[BlackElo "2477"]

1.d4 Nf6 2.c4 e6 3.Nf3 b6 4.g3 Ba6 5.Qc2 c5 6.Bg2 Nc6 7.dxc5 Bxc5 8.O-O Rc8
9.Qa4 Bb7 10.Nc3 Be7 11.Bf4 Na5 12.Nd2 Bxg2 13.Kxg2 O-O 14.Rfd1 Rc6 15.e4 Qa8
16.f3 Rfc8 17.b3 a6 18.e5 Ne8 19.Nde4 Qb7 20.Rd3 f5 21.exf6 gxf6 22.Rad1 Rd8
23.c5 f5 24.Nd6 Nxd6 25.Bxd6 Bf6 26.Ne2 Rcc8 27.Nf4 Nc6 28.Nh5 Bh8 29.Qf4 bxc5
30.Qg5+ Kf7 31.Qh6 Kg8 32.Nf6+ Bxf6 33.Qxf6 Re8 34.g4 fxg4 35.Kf2 Qb5 36.Re3 c4
37.Rg1 h5 38.Qg6+ Kh8 39.Qh6+ Kg8 40.Qg6+ Kh8 41.fxg4 Rf8+ 42.Ke1  1-0

[Event "TCh-ESP"]
[Site "Barcelona ESP"]
[Date "2000.08.11"]
[Round "7"]
[White "Cardenas Valero,J"]
[Black "Schmidt,JP"]
[Result "0-1"]
[WhiteElo "2211"]
[BlackElo "2315"]

1.d4 Nf6 2.Nf3 e6 3.c4 b6 4.g3 Ba6 5.b3 Bb4+ 6.Bd2 Be7 7.Bg2 c6 8.O-O d5
9.Qc2 Nbd7 10.Bf4 Rc8 11.Nbd2 O-O 12.Rfe1 Nh5 13.Ne5 Nxf4 14.gxf4 c5 15.cxd5 exd5
16.Qf5 Nxe5 17.dxe5 g6 18.Qc2 Qd7 19.h3 Rfd8 20.Rad1 Qe6 21.a3 Bb7 22.Kh2 f6
23.exf6 Bxf6 24.Rg1 Qe7 25.Rde1 Kh8 26.Bf3 Rc7 27.Bh1 Re8 28.Nf3 Qd6 29.Ng5 Bc8
30.Qd3 d4 31.Rg3 Bf5 32.Qd1 Rce7 33.Rf1 Qc7 34.e4 Bxg5 35.fxg5 Bxe4 36.Bxe4 Rxe4
37.Qf3 Qd7 38.Rfg1 Rf8 39.Qg2 Ref4 40.Rf1 Qe7  0-1

[Event "Match"]
[Site "Sao Paulo BRA"]
[Date "2000.08.14"]
[Round "5"]
[White "Mecking,H"]
[Black "Vescovi,G"]
[Result "1/2-1/2"]
[WhiteElo "2560"]
[BlackElo "2526"]

1.d4 Nf6 2.c4 e6 3.Nf3 b6 4.g3 Ba6 5.b3 d5 6.Bg2 dxc4 7.Ne5 Bb4+ 8.Kf1 Bd6
9.Nxc4 Nd5 10.Bf3 O-O 11.e4 c6 12.Kg2 Ne7 13.Nxd6 Qxd6 14.Ba3 Qd7 15.Qd2 Rd8
16.Rd1 Bb7 17.Qe3 Na6 18.Nd2 Rac8 19.Nc4 Qc7 20.Qf4 Qxf4 21.gxf4 Rc7 22.Rac1 Ng6
23.Kg3 Rcd7 24.e5 Ba8 25.Bd6 Nc7 26.Be4 Ne8 27.f5 Nf8 28.Bxf8 Kxf8 29.fxe6 fxe6
30.Ne3 Rxd4 31.Rxd4 Rxd4 32.Bxc6 Bxc6 33.Rxc6 Ke7 34.f4 Kd7 35.Rc2 Nc7 36.Kf3 Nd5  1/2-1/2

[Event "ECh-u20 Girls"]
[Site "Aviles ESP"]
[Date "2000.08.16"]
[Round "1"]
[White "Chasovnikova,E"]
[Black "Sanchez Martin,V"]
[Result "0-1"]
[WhiteElo "2251"]
[BlackElo "2039"]

1.d4 e6 2.Nf3 Nf6 3.c4 b6 4.g3 Ba6 5.Qc2 c5 6.Bg2 Nc6 7.dxc5 Bxc5 8.O-O Rc8
9.b3 O-O 10.Bb2 d5 11.Rd1 Qe7 12.e3 h6 13.Nbd2 Ba3 14.Rac1 Rfd8 15.Nd4 Nxd4
16.exd4 dxc4 17.Nxc4 Bxb2 18.Qxb2 Bb7 19.Bf1 Ne4 20.Ne5 Ng5 21.Rc3 f6 22.Rxc8 Rxc8
23.h4 fxe5 24.hxg5 Qxg5 25.Qe2 Rd8 26.Bh3 Qf6 27.dxe5 Rxd1+ 28.Qxd1 Qxe5
29.Qd8+ Kh7 30.Qd3+ Be4 31.Qe3 Qa1+ 32.Bf1 Bf5 33.a4 Qb1 34.Kg2 Qe4+ 35.Qxe4 Bxe4+
36.f3 Bd5 37.b4 Kg6 38.Kf2 Kf5 39.Ke3 Ke5 40.f4+ Kd6 41.Kd4 g5 42.a5 gxf4
43.gxf4 h5 44.axb6 axb6 45.Bh3 Bf3 46.Bf1 Bg4 47.Bg2 h4 48.Be4 Bf5 49.Bf3 h3
50.Ke3 e5 51.fxe5+ Kxe5 52.Bc6 Be6 53.Kf2 Bd5 54.b5 h2 55.Bxd5 Kxd5 56.Kg2 Kc5
57.Kxh2 Kxb5 58.Kg2 Kc4 59.Kf2 Kc3 60.Ke1 Kc2  0-1